000 00502nam a2200157 i 4500
001 59065
003 ES-MaACL
005 20230906163943.0
007 t|
008 031027s1965 sp ||||1| spa d
100 1 _aEchegaray, Fernando de.
_946525
245 1 4 _aLos vizcaínos de antaño en la Real Sociedad Bascongada (sic) de los Amigos del País /
_cFernando Echegaray.
260 _aBilbao :
_bBanco de Bilbao,
_c1965.
300 _a64 p. :
_bil. ;
_c25 cm.
852 _aES-MaACL
_jC-28011
_bR.57452
999 _c59065
_d59065